Statistiche per Tutti gli Stati che hanno controllato Pisa

Clicka qui per fare il quiz!

Statistiche generali

  • Questo quiz è stato fatto 10 volte
  • Il punteggio medio è 19 su 28

Statistiche sulle risposte

Risposta% Corretto
Civiltà Etrusca
100%
Granducato di Toscana
89%
Granducato di Toscana
89%
Impero Bizantino
89%
Impero Romano
89%
Impero Romano d'Occidente
89%
Regno d'Italia
89%
Regno d'Italia
89%
Repubblica Italiana
89%
Repubblica Romana
89%
Sacro Romano Impero
89%
Impero Carolingio
78%
Regno dei Franchi
78%
Regno di Odoacre
78%
Regno di Sardegna
78%
Repubblica Sociale Italiana
78%
Primo Impero francese
67%
Regno Longobardo
67%
Regno Ostrogoto
67%
Repubblica di Firenze
67%
Repubblica di Pisa
67%
Civiltà Norrena
56%
Regno Franco d'Italia
33%
Regno Franco d'Italia
33%
Regno Lotaringio della Francia Media
33%
Ducato di Firenze
22%
Province unite dell'Italia centrale
22%
Regno di Etruria
22%

Distribuzione punteggi

Percentile per numero di risposta

Percentuale di utenti per punteggio

I tuoi punteggi nel tempo

Non hai fatto questo quiz